| 000 | 00382nam a2200157Ia 4500 | ||
|---|---|---|---|
| 008 | 231221s9999 xx 000 0 und d | ||
| 020 | _a81-297-0457-9 | ||
| 041 | _aEnglish | ||
| 082 | _a658.8 RAM;1 R | ||
| 100 | _aRama Mohana Rao, K | ||
| 245 | 0 | _aServices marketing | |
| 260 |
_c2005 _bPearson Education _aDelhi |
||
| 300 | _axiv+358 | ||
| 650 | _amarketing | ||
| 942 | _cHM | ||
| 999 |
_c208125 _d208125 |
||